| 000 | 01159cam a2200193 a 4500 | ||
|---|---|---|---|
| 001 | 000008240 | ||
| 005 | 20200929161322.0 | ||
| 008 | 831107s1982 ve af i000 e spa | ||
| 040 |
_aDO-SdBNP _cDLC _dDLC |
||
| 082 |
_aVe864.2 _bB446a |
||
| 100 | 1 |
_aBello, Andrés, _d1781-1865. _922352 |
|
| 245 | 1 | 0 |
_aAndrés Bello : _bbicentenario de su nacimiento /. |
| 260 |
_aWashington : _bSecretaría General, Organización de los Estados Americanos, _c[1982]. |
||
| 300 |
_a90 p. : _bil. ; _c27 cm. |
||
| 500 | _a"Esta publicación fue ordenada por el Consejo Interamericano para la Educación, la Ciencia y la Cultura de la Organización de los Estados Americanos" | ||
| 505 | 0 | _aNoticia biográfica / Rafael Caldera -- Poesía -- Derecho internacional -- Filosofía del entendimiento -- Gramática de la lengua castellana -- Instalación de la Universidad de Chile -- Reflexiones sobre la poesía -- Sobre el Poema del Cid -- Las repúblicas hispanoamericanas -- Correspondencia de Andrés Bello -- Cronología / Oscar Sambrano Urdaneta. | |
| 710 | 2 |
_aConsejo Interamericano para la Educación, la Ciencia y la Cultura _922353 |
|
| 910 | _aCatalogación por copia / LC | ||
| 999 |
_c8011 _d8011 |
||